• 首页
  • 本馆介绍
  • 公告通知
  • 最新文献
  • 馆藏检索
  • 电子资源
  • 读者导购
  • 参考咨询
  • 我的图书馆
  • 登录
  • 详细信息显示
  • 放入我的书架
  • 预约/预借图书
  • 作者相关作品
  • 分类相关作品
  • 丛书相关作品
  • 出版社相关作品

书目信息

  • 表格格式
  • 工作单格式
  • 卡片格式
题名:
植物学理论及典型农作物的高效种植研究
    
 
作者: 秦永林 , 王亚妮 , 苏志芳 主编
分册:  
出版信息: 北京   中国原子能出版社  2021.1
页数: 424页
开本: 26cm
丛书名:
单 册:
中图分类: Q94 , S31
科图分类:
主题词: 植物学--研究 , 作物--高产栽培--研究
电子资源:
ISBN: 978-7-5022-9828-9
000 01053nam0 2200277 45
001 012001000379
005 20140911135310.0
010    @a978-7-5022-9828-9@dCNY96.00
100    @a20200520d2019 em y0chiy50 ea
101 0  @achi
102    @aCN@b110000
105    @aa z 000yy
106    @ar
200 1  @a植物学理论及典型农作物的高效种植研究@Azhi wu xue li lun ji dian xing nong zuo wu de gao xiao zhong zhi yan jiu@b专著@f秦永林,王亚妮,苏志芳主编
210    @a北京@c中国原子能出版社@d2021.1
215    @a424页@c图@d26cm
330    @a本书分为两部分进行研究,第一部分植物学部分,涵盖植物个体发育、植物界系统分类及演化、植物资源利用与保护等内容;第二部分农作物种植部分,对几种典型的农作物如大豆、玉米、小麦等的种植进行了研究。
606 0  @a植物学@x研究
606 0  @a作物@x高产栽培@x研究
690    @aQ94@v5
690    @aS31@v5
701  0 @a秦永林@Aqin yong lin@4主编
701  0 @a王亚妮@Awang ya ni@c(职业教育)@4主编
701  0 @a苏志芳@Asu zhi fang@f(1978~)@4主编
801  0 @aCN@bBJSDL@c20211011
905    @b1331352-5@dQ94@e486@f4
    
    植物学理论及典型农作物的高效种植研究/秦永林,王亚妮,苏志芳主编.-北京:中国原子能出版社,2021.1
    424页:图;26cm
    
    
    ISBN 978-7-5022-9828-9:CNY96.00
    本书分为两部分进行研究,第一部分植物学部分,涵盖植物个体发育、植物界系统分类及演化、植物资源利用与保护等内容;第二部分农作物种植部分,对几种典型的农作物如大豆、玉米、小麦等的种植进行了研究。
●
相关链接 在E读中查询图书 在五车中查询图书 在当当中查询图书 在豆瓣中查询图书


正题名:植物学理论及典型农作物的高效种植研究     索取号:Q94/486         预约/预借

序号 登录号 条形码 馆藏地/架位号 状态 备注
1 1331352   213313528   第二样本阅览室/ [索取号:Q94/486] 在馆    
2 1331353   213313537   第三借阅区/ [索取号:Q94/486] 在馆    
3 1331354   213313546   第三借阅区/ [索取号:Q94/486] 在馆    
4 1331355   213313555   第三借阅区/ [索取号:Q94/486] 在馆    
唐山师范学院图书馆 欢迎您!
大连网信软件有限公司© 版权所有